| 000 | 00000nam 2200000za 4500 |
| 001 | 9.604305 |
| 003 | CaOODSP |
| 005 | 20250828094951 |
| 007 | cr ||||||||||| |
| 008 | 150406|1995||||xxc|||||o f|0| 0 fre d |
| 022 | |a1205-9161 |
| 040 | |aCaOODSP|bfre |
| 043 | |an-cn--- |
| 086 | 1 |aCS11-0019/75F-PDF |
| 100 | 1 |aBaldwin, John R. |q(John Russel) |
| 245 | 00|aUtilisation des technologies et transformation industrielle : |h[ressource électronique]|bperspectives empiriques / |cpar John R. Baldwin, Brent Diverty et David Sabourin. |
| 260 | |aOttawa - Ontario : |bStatistique Canada |cAoût 1995. |
| 300 | |a40p.|bgraphiques, références, tableaux |
| 490 | 1 |aDocuments de recherche - Direction des études analytiques|x1205-9161|vN° 75 |
| 500 | |aLe n° de catalogue (11F0019MPF) et l'ISBN (1200-5231) de l'édition imprimée ont été incorrectement copiés dans l'édition électronique. |
| 520 | 3 |aLa présente étude porte sur l'utilisation de la technologie au sein du secteur manufacturier au Canada et sur le rendement d'un groupe d'établissements manufacturiers qui utilisent la technologie par rapport à un groupe de non-utilisateurs.--Résumé |
| 590 | |a12-34-Supp|b2012-07-31 |
| 691 | 07|aTechnologie|2gcpds |
| 691 | 07|aIndustrie de transformation|2gcpds |
| 710 | 2 |aStatistique Canada. |
| 775 | 08|tTechnology use and industrial transformation : |w(CaOODSP)9.574563 |
| 776 | 0#|tUtilisation des technologies et transformation industrielle: perspectives empiriques / |w(CaOODSP)9.623513 |
| 830 | #0|aDocuments de recherche (Statistique Canada. Direction des études analytiques)|x1205-9161|vN° 75|w(CaOODSP)9.500842 |
| 856 | 40|ahttp://publications.gc.ca|qPDF|s184 Ko|uhttps://publications.gc.ca/collections/Collection/CS11-0019-75F.pdf|yN° 75 |